Ke arah negara maju berdasarkan sistem nilai

Bibliographic Details
Format: Book
Published: Kuala Lumpur : Institut Kefahaman Islam Malaysia (IKIM) , 1993
Subjects:

MARC

LEADER 00000cam a2200000 7i4500
001 0000003342
005 20030124.0
020 |a 983998635x 
040 |a INS 
090 0 0 |a HC445.5   |b K37 1993 
245 0 0 |a Ke arah negara maju berdasarkan sistem nilai   |c disunting oleh Siti Fatimah Abdul Rahman 
260 |a Kuala Lumpur :   |b Institut Kefahaman Islam Malaysia (IKIM) ,   |c 1993 
300 |a 89 ms ;   |c 23 cm. 
650 0 0 |a Islam 
650 0 0 |a Islam and social problems 
999 |a 0000005473   |b BOOK   |c Open Shelf   |e Default branch